000 01134cam a22003257a 4500
999 _c36898
_d36898
001 16201885
005 20190612151146.0
008 100416s2010 fr b 000 0 fre d
010 _a 2010369677
015 _a09,N45,0084
_2dnb
020 _a9783851325836 (pbk.)
020 _a3851325834 (pbk.)
035 _a(OCoLC)ocn586999040
040 _aOHX
_cOHX
_dEMU
_dDEBBG
_dDLC
041 _afre
042 _alccopycat
050 0 0 _aB829.5
_b.B682 2010
100 1 _aBrankel, Jürgen.
_92400
245 1 0 _aPhänomenologie und Idee /
_cJürgen Brankel.
260 _aWien :
_bTuria + Kant,
_cc2010.
300 _a77 p. ;
_c20 cm.
504 _aIncludes bibliographical references.
650 0 _aPhenomenology.
_92454
653 _aფენომენოლოგია
653 _aფილოსოფია
856 4 2 _qtext/html
_uhttp://deposit.d-nb.de/cgi-bin/dokserv?id=3367869&prov=M&dok_var=1&dok_ext=htm
_3Inhaltstext
906 _a7
_bcbc
_ccopycat
_d3
_encip
_f20
_gy-gencatlg
942 _2udc
_cBK
955 _bff05 2010-06-11 Telework
_aff00 2010-06-15 to GS/SBCG
_bff10 2010-08-30 z-processor
_iff72 2011-12-19